Famous Colorful Characters Quiz Stats

 Plays Quiz Updated Aug 8, 2016

Score 0/35 Timer 05:00
5 Plays Today
% Correct
Kermit the Frog
91.5%
Garfield
91%
Clifford the Dog
90.8%
The Hulk
90.5%
Elmo
90.3%
Barney the Dinosaur
89.9%
Tigger
89.6%
Shrek
89.1%
Big Bird
88.7%
Tweety Bird
87.6%
Smurfette
87.2%
SpongeBob SquarePants
86%
Homer Simpson
83.5%
Kool Aid Man
83.4%
Donald Duck
82.7%
Stuart Little
82.2%
Roger Rabbit
80.1%
Hellboy
79.8%
% Correct
Pikachu
79.3%
Sonic the Hedgehog
78.6%
Wicked Witch of the West
77.5%
Lightning McQueen
76.7%
Dory
74.1%
Ursula
71.5%
Stitch
70.6%
Tinky Winky
70.3%
Shere Khan
64.8%
Yoshi
64.7%
Hedwig
63.9%
Spyro
53.9%
Marlin
53.8%
Gromit
53.7%
The Thing
53.2%
Twilight Sparkle
46.7%
Nightcrawler
42.5%

You're not logged in!

Compare scores with friends on all Sporcle quizzes.
OR
Log In

Show Comments

Extras

Top Quizzes Today


Score Distribution

Your Account Isn't Verified!

In order to create a playlist on Sporcle, you need to verify the email address you used during registration. Go to your Sporcle Settings to finish the process.

Report this User

Report this user for behavior that violates our Community Guidelines.

Details: